Statistics for Prepositions A-Z

Click here to take the quiz!

General Stats

  • This quiz has been taken 23 times
  • The average score is 9 of 20

Answer Stats

Letter Prepositions % Correct
BBarring | Before | Behind | Below | Beneath | +6
100%
AA | Abaft | Aboard | About | Above | Absent | +19
100%
DDespite | Down | During
85%
FFailing | Following | For | From
80%
OOf | Off | On | Onto | Opposite | +3
75%
IIn | Including | Inside | Into
70%
UUnder | Underneath | Unlike | Until | Up | Upon
70%
WWith | Within | Without | Worth
50%
NNear | Next | Notwithstanding
35%
LLest | Like
30%
RRegarding | Round
25%
SSans | Save | Since
25%
TThan | Through | Throughout | Till
25%
PPace | Past | Per | Plus | Pro
20%
CCirca | Concerning
20%
VVia | Vice
15%
MMid | Midst | Minus | Modulo
10%
QQua
10%
GGiven
5%
EExcept | Excluding
0%

Score Distribution

Percentile by Number Answered

Percent of People with Each Score

Your Score History

You have not taken this quiz